Statistics for Rolling Stone's 100 Greatest Artists of All Time

Click here to take the quiz!

General Stats

  • This quiz has been taken 1,374 times
  • The average score is 40 of 100

Answer Stats

HintAnswer% Correct
1The Beatles
96%
4The Rolling Stones
92%
3Elvis Presley
82%
35Michael Jackson
82%
14Led Zeppelin
78%
2Bob Dylan
77%
29The Who
72%
30Nirvana
70%
9Aretha Franklin
68%
49Elton John
67%
36Madonna
67%
52Queen
66%
38John Lennon
64%
6Jimi Hendrix
63%
51Pink Floyd
62%
72AC/DC
61%
27Prince
61%
12The Beach Boys
60%
39David Bowie
58%
22U2
58%
61Metallica
57%
41The Doors
57%
5Chuck Berry
55%
28The Clash
55%
15Stevie Wonder
54%
23Bruce Springsteen
53%
59Aerosmith
51%
85Black Sabbath
51%
75Eagles
51%
55Eric Clapton
51%
10Ray Charles
50%
60The Sex Pistols
50%
92Guns'n'Roses
49%
46Janis Joplin
49%
31Johnny Cash
49%
18Marvin Gaye
49%
83Eminem
48%
26The Ramones
48%
11Bob Marley
46%
13Buddy Holly
46%
7James Brown
46%
65The Kinks
46%
67Cream
44%
8Little Richard
43%
40Simon and Garfunkel
43%
70The Police
42%
96Diana Ross and the Supremes
41%
82Creedence Clearwater Revival
40%
21Otis Redding
38%
19The Velvet Underground
38%
88Jay-Z
37%
86Tupac Shakur
37%
68The Temptations
36%
63Tina Turner
36%
73Radiohead
35%
24Jerry Lee Lewis
33%
97R.E.M.
33%
17Muddy Waters
31%
48Run-DMC
31%
45The Byrds
31%
37Roy Orbison
30%
16Sam Cooke
30%
50The Band
30%
42Van Morrison
30%
56Dr. Dre
29%
91Tom Petty
29%
77Beastie Boys
28%
57Grateful Dead
28%
90Carlos Santana
27%
62Joni Mitchell
27%
95Lynyrd Skynyrd
27%
100Talking Heads
27%
80Elvis Costello
26%
44Public Enemy
26%
66Al Green
25%
53The Allman Brothers Band
25%
25Fats Domino
24%
84James Taylor
23%
47Patti Smith
23%
32Smokey Robinson and the Miracles
23%
89The Yardbirds
23%
33The Everly Brothers
22%
79The Four Tops
22%
20Bo Diddley
21%
43Sly and the Family Stone
21%
71Frank Zappa
20%
94Nine Inch Nails
19%
78The Stooges
18%
74Hank Williams
17%
99Carl Perkins
14%
98Curtis Mayfield
14%
58Parliament and Funkadelic
13%
54Howlin' Wolf
12%
34Niel Young
12%
81The Drifters
11%
76The Shirelles
10%
64Phil Spector
9%
69Jackie Wilson
7%
87Gram Parsons
6%
93Booker T & the MGs
4%

Score Distribution

Percentile by Number Answered

Percent of People with Each Score

Your Score History

You have not taken this quiz